Familiar poems, annotated / (Record no. 931)

MARC details
000 -LEADER
fixed length control field 00628pam a2200241 i 4500
005 - DATE AND TIME OF LATEST TRANSACTION
control field 20260322212039.0
008 - FIXED-LENGTH DATA ELEMENTS--GENERAL INFORMATION
fixed length control field data
010 ## - LIBRARY OF CONGRESS CONTROL NUMBER
LC control number 76002747
020 ## - INTERNATIONAL STANDARD BOOK NUMBER
International Standard Book Number 0385116861 :
Terms of availability {dollar}7.95
020 ## - INTERNATIONAL STANDARD BOOK NUMBER
International Standard Book Number 9780385116862 :
Terms of availability {dollar}7.95
040 ## - CATALOGING SOURCE
Original cataloging agency DLC
Transcribing agency DLC
Modifying agency DLC
050 00 - LIBRARY OF CONGRESS CALL NUMBER
Classification number PR1175
Item number .F22
082 00 - DEWEY DECIMAL CLASSIFICATION NUMBER
Classification number 821/.008
092 ## - LOCALLY ASSIGNED DEWEY CALL NUMBER (OCLC)
Classification number 821 F22 1977
001 - CONTROL NUMBER
control field data
245 10 - TITLE STATEMENT
Title Familiar poems, annotated /
Statement of responsibility, etc. Isaac Asimov.
250 ## - EDITION STATEMENT
Edition statement 1st ed.
260 ## - PUBLICATION, DISTRIBUTION, ETC.
Place of publication, distribution, etc. Garden City, N.Y. :
Name of publisher, distributor, etc. Doubleday,
Date of publication, distribution, etc. 1977.
300 ## - PHYSICAL DESCRIPTION
Extent xi, 272 p. ;
Dimensions 22 cm.
650 #0 - SUBJECT ADDED ENTRY--TOPICAL TERM
Topical term or geographic name entry element English poetry.
650 #0 - SUBJECT ADDED ENTRY--TOPICAL TERM
Topical term or geographic name entry element American poetry.
700 1# - ADDED ENTRY--PERSONAL NAME
Personal name Asimov, Isaac,
Dates associated with a name 1920-1992.
Holdings
Withdrawn status Lost status Damaged status Not for loan Home library Current library Shelving location Date acquired Total checkouts Full call number Barcode Date last seen Price effective from Koha item type
        Franklin Franklin General stacks 22/03/2026   821/.008 BC0010962 22/03/2026 22/03/2026 Books